| Поле | Инд. | ПП | Название | Значение |
|---|---|---|---|---|
| Тип записи | a | |||
| Библиографический уровень | b | |||
| 001 | Контрольный номер | RU/IS/BASE/358438982 | ||
| 005 | Дата корректировки | 20200522191450.3 | ||
| 008 | Кодируемые данные | 20110511 | ||
| 040 | b | Код языка каталог. | rus | |
| e | Правила каталог. | PSBO | ||
| 041 | 0_ | a | Код языка текста | rus |
| 084 | a | Индекс другой классификации/Индекс ББК | 81.411.2-3; 81.711-3 | |
| 100 | 1_ | a | Автор | Чэнь Сяо Хуэй |
| 245 | 10 | a | Заглавие | Наименование лиц по наличию / отсутствию ума в русском и китайском языках |
| 504 | a | Библиография | Библиогр.: с. 102 | |
| 520 | 0_ | a | Аннотация | В данной статье освещаются проблемы о номинации лиц по наличию / отсутствию ума в русском и китайском языках. Автор выявляет состав этих слов по "Русскому семантическому словарю" с расширением по "Большому толковому словарю синонимов русской речи" и анализирует средства номинации в диахроническом и синхроническом планах. Хотя человеческое сознание устроено универсально, разные языки по-разному отражают мир, что проявляется в различиях между языковыми картинами мира. Сопоставительное исследование языков позволяет дополнить общую картину работы нашего сознания по осмыслению и познанию окружающего нас мира |
| 650 | 14 | a | Основная рубрика | китайский язык |
| a | Основная рубрика | лексикология | ||
| a | Основная рубрика | русский язык | ||
| a | Основная рубрика | филологические науки | ||
| a | Основная рубрика | частное языкознание | ||
| a | Основная рубрика | языкознание | ||
| 653 | 1_ | a | Ключевые слова | глупость |
| a | Ключевые слова | компаративистика | ||
| a | Ключевые слова | лингвистическая семантика | ||
| a | Ключевые слова | метафоры | ||
| a | Ключевые слова | метонимия | ||
| a | Ключевые слова | номинативная лексика | ||
| a | Ключевые слова | семантика | ||
| a | Ключевые слова | словообразование | ||
| a | Ключевые слова | сознание | ||
| a | Ключевые слова | сравнительное языкознание | ||
| a | Ключевые слова | существительное | ||
| a | Ключевые слова | ум | ||
| a | Ключевые слова | умственные способности | ||
| a | Ключевые слова | части речи | ||
| a | Ключевые слова | этимология слов | ||
| 773 | 08 | t | Заглавие источника | Вестник Московского университета. Серия 9, Филология |
| d | Дата издания источника | 2010 | ||
| g | Прочая информация | № 5. - С. 95 - 102 | ||
| w | Контрольный № источника | RU/IS/BASE/354127374 | ||
| 901 | t | Тип документа | b |